Cyrillic Alphabet - Statistics

General Stats
  • This quiz has been taken 1,453 times
  • The average score is 13 of 14
Answer Stats
Hint Answer % Correct
К к k
97%
М м m
97%
Р р r
96%
Б б b
95%
С с s
95%
Н н n
94%
Д д d
93%
И и i
93%
Г г g
91%
Л л l
90%
П п p
90%
В в v
90%
Ф ф f
89%
Х х h
77%
No matching quizzes found
Score Distribution
Percent of People with Each Score
Percentile by Number Answered
Your Score History
You have not taken this quiz